Top 100 Baseball Recruits - 2023 - Statistics

General Stats
  • This quiz has been taken 4 times
  • The average score is 5 of 100
Answer Stats
# Player Position Current Team % Correct
3 Arjun Nimmala SS Vancouver Canadians (TOR)
50%
1 Walker Jenkins OF Wichita Wind Surge (MIN)
50%
6 Aidan Miller SS Reading Fightin Phils (PHI)
25%
8 Blake Mitchell C Quad Cities River Bandits (KC)
25%
11 Cameron Johnson P Oklahoma Sooners
25%
52 Cole Miller P Stockton Ports (A's)
25%
9 Dillon Head OF Jupiter Hammerheads (MIA)
25%
18 Drew Burress OF Georgia Tech Yellow Jackets
25%
7 Kevin McGonigle SS Erie SeaWolves (DET)
25%
91 Kyle Johnson OF Virginia Cavaliers
25%
2 Max Clark OF Erie SeaWolves (DET)
25%
4 Noble Meyer P Beloit Sky Carp (MIA)
25%
10 Ralphy Velazquez C Lake County Captains (CLE)
25%
17 Roch Cholowsky SS UCLA Bruins
25%
5 Thomas White P Pensacola Blue Wahoos (MIA)
25%
71 Zane Adams P Alabama Crimson Tide
25%
58 Adam Hachman P Kentucky Wildcats
0%
25 Adrian Santana SS Bowling Green Hot Rods (TB)
0%
53 Aidan Keenan P Stanford Cardinal
0%
61 AJ Ewing SS Brooklyn Cyclones (NYM)
0%
24 Alex Clemmey P Wilmington Blue Rocks (WAS)
0%
99 Alex Sosa C Miami Hurricanes
0%
50 Alfonsin Rosario OF Lake County Captains (CLE)
0%
77 Andrew Duncan OF Florida State Seminoles
0%
37 Andrew Wiggins OF Indiana Hoosiers
0%
22 Antonio Anderson SS Greenville Drive (BOS)
0%
72 Antonio Jimenez SS FCL Mets (NYM)
0%
78 Ashton Larson OF Texas Longhorns
0%
68 Barrett Kent P Inland Empire 66ers (LAA)
0%
56 Blake Dickerson P FCL Tigers (DET)
0%
39 Blake Wolters P Columbia Fireflies (KC)
0%
38 Braden Holcomb SS Vanderbilt Commodores
0%
27 Brandon Winokur SS Cedar Rapids Kernels (MIN)
0%
12 Bryce Elridge 1B Richmond Flying Squirrels (SF)
0%
100 Caden Sorrell OF Texas A&M Aggies
0%
94 Cal Fisher SS Florida State Seminoles
0%
84 Cal Randall P UCLA Bruins
0%
63 Campbell Smithwick C Ole Miss Rebels
0%
73 Chance Mako P Coastal Carolina Chanticleers
0%
13 Charlee Soto P Cedar Rapids Kernels (MIN)
0%
98 Christian Rodriguez P Florida Gators
0%
28 Cole Schoenwetter P Daytona Tortugas (CIN)
0%
67 Cole Stokes P Florida State Seminoles
0%
15 Colin Houck SS Brooklyn Cyclones (NYM)
0%
14 Colt Emerson SS Everett AquaSox (SEA)
0%
42 Colton Hartman P Louisville Cardinals
0%
35 Cooper Pratt SS Biloxi Shuckers (MIL)
0%
36 Daniel Cuvet 3B Miami Hurricanes
0%
86 Dean West OF UCLA Bruins
0%
66 Dylan Cupp SS Mississippi State Bulldogs
0%
41 Dylan Questad P Fort Myers Mighty Mussels (MIN)
0%
19 Eric Bitonti SS Carolina Mudcats (MIL)
0%
49 Ethan McElvain P Vanderbilt Commodores
0%
51 Gabe Gaeckle P Arkansas Razorbacks
0%
32 Garrett Baumann P Rome Emperors (ATL)
0%
55 Gavin Grahovac OF Texas A&M Aggies
0%
16 George Lombard Jr. SS Somerset Patriots (NYY)
0%
96 George Wolkow 3B Kannapolis Cannon Ballers (CHW)
0%
79 Griffin Graves P Auburn Tigers
0%
43 Hiro Wyatt P Columbia Fireflies (KC)
0%
57 Hunter Dietz P Arkansas Razorbacks
0%
80 Isaiah Drake OF Augusta GreenJackets (ATL)
0%
64 James Ellwanger P Dallas Baptist Patriots
0%
45 Jonny Farmelo OF Everett AquaSox (SEA)
0%
26 Josh Knoth P Carolina Mudcats (MIL)
0%
83 Justin Best OF New Orleans Privateers
0%
95 Justin Lee P UCLA Bruins
0%
88 Kendall George OF Great Lakes Loons (LAD)
0%
47 Landen Maroudis P Dunedin Blue Jays (TOR)
0%
76 Landon Stripling 2B Florida Gators
0%
85 Lee Ellis SS Ohio State Buckeyes
0%
34 Liam Peterson P Florida Gators
0%
89 Luke McNeillie P Florida Gators
0%
59 Mac Heuer P Texas Tech Red Raiders
0%
81 Macon Winslow C North Carolina Tar Heels
0%
97 Matthew Dallas P Wake Forest Demon Deacons
0%
48 Myles Naylor SS Stockton Ports (A's)
0%
74 Nazzan Zanetello 3B Greenville Drive (BOS)
0%
54 Nehomar Ochoa Jr. OF Fayetteville Woodpeckers (HOU)
0%
70 Nolan Souza SS Arkansas Razorbacks
0%
69 Nolan Stevens 1B Oklahoma Sooners
0%
65 Paul Wilson P Lakeland Flying Tigers (DET)
0%
23 Roman Martin SS UCLA Bruins
0%
46 Ryder Helfrick C Arkansas Razorbacks
0%
21 Samuel Stafura SS Daytona Tortugas (CIN)
0%
40 Steven Echavarria P Lansing Lugnuts (A's)
0%
20 Tai Peete SS Everett AquaSox (SEA)
0%
60 TayShaun Walton OF Clearwater Threshers (PHI)
0%
82 TJ Pompey SS Arkansas Razorbacks
0%
29 Travis Sykora P Harrisburg Senators (WAS)
0%
30 Trent Caraway SS LSU Tigers
0%
62 Tre Phelps 3B Georgia Bulldogs
0%
87 Tucker Holland P Arkansas Razorbacks
0%
90 Ty Waid C Arkansas Razorbacks
0%
31 Walker Martin SS San José Giants (SF)
0%
92 Wes Mendes P Florida State Seminoles
0%
44 Will Gasparino OF Texas Longhorns
0%
93 Zach Wadas 1B TCU Horned Frogs
0%
33 Zander Mueth P Bradenton Marauders (PIT)
0%
75 Zion Rose C Louisville Cardinals
0%
No matching quizzes found
Score Distribution
Percent of People with Each Score
Percentile by Number Answered
Your Score History
You have not taken this quiz